Nandantatta : (Record no. 3580)

MARC details
000 -LEADER
fixed length control field 00523cam a2200193ua 4500
008 - FIXED-LENGTH DATA ELEMENTS--GENERAL INFORMATION
fixed length control field 120306n ii |||gr||||Z||||||asm
020 ## - INTERNATIONAL STANDARD BOOK NUMBER
International Standard Book Number 81-7643-016-1
040 ## - CATALOGING SOURCE
Transcribing agency MAIN
082 ## - DEWEY DECIMAL CLASSIFICATION NUMBER
Classification number 801.93
100 ## - MAIN ENTRY--PERSONAL NAME
Personal name Goswami, Trailokya Nath ,
245 11 - TITLE STATEMENT
Title Nandantatta :
Remainder of title prachya aru pachatya /
Statement of responsibility, etc. by Trailokya Nath Goswami
250 ## - EDITION STATEMENT
Edition statement 3rd.
260 ## - PUBLICATION, DISTRIBUTION, ETC.
Place of publication, distribution, etc. Guwahati:
Name of publisher, distributor, etc. Bani Prakash Pvt. Ltd.,
Date of publication, distribution, etc. 2006.
300 ## - PHYSICAL DESCRIPTION
Extent 423p:
Dimensions 23cm.
942 ## - ADDED ENTRY ELEMENTS (KOHA)
Koha item type Books
653 ## - INDEX TERM--UNCONTROLLED
Uncontrolled term Assamese
653 ## - INDEX TERM--UNCONTROLLED
Uncontrolled term Nandantatta : prachya aru pachatya
Holdings
Withdrawn status Lost status Damaged status Not for loan Home library Current library Shelving location Date acquired Total Checkouts Full call number Barcode Date last seen Date last checked out Copy number Price effective from Koha item type Date due
        Naharkatiya College Library Naharkatiya College Library General Stacks 19/09/2020 3 801.93 | GOS 18050 27/09/2025 15/09/2025 3 19/09/2020 Books  
        Naharkatiya College Library Naharkatiya College Library General Stacks 19/09/2020 9 801.93 | GOS 18051 25/04/2026 25/04/2026 2 19/09/2020 Books 14/05/2026
        Naharkatiya College Library Naharkatiya College Library General Stacks 19/09/2020   801.93 | GOS 18052 19/09/2020   1 19/09/2020 Books  

Naharkatiya College © 2020. All rights reserved.

Powered By